| 000 | 00811 a2200277 4500 | ||
|---|---|---|---|
| 001 | 200128898 | ||
| 003 | TR-AnTOB | ||
| 005 | 20241119115512.0 | ||
| 008 | 130326s2004 tu 000 0 | ||
| 040 |
_aTR-AnTOB _cTR-AnTOB _beng _erda |
||
| 041 | _atur | ||
| 050 | 1 | 4 |
_aPL248.K6332 _bK55 2011 |
| 090 |
_aPL248.K6332 _bK55 2011 |
||
| 100 | 1 |
_aKoca, Mücahit, _d1949- _982247 _eauthor |
|
| 245 | 1 | 0 |
_aKılıç ve kelebek : _bşiirler IV / _cKoca Mücahit . |
| 246 | 3 | 0 | _aŞiirler 4. |
| 264 | 1 |
_aİstanbul: _bSur Yayıncılık, _c2004. |
|
| 300 |
_a77 pages ; _c21 cm |
||
| 336 |
_2rdacontent _atext _btxt |
||
| 337 |
_2rdamedia _aunmediated _bn |
||
| 338 |
_2rdacarrier _avolume _bnc |
||
| 490 | 0 |
_aSur Yayınları ; _v18 |
|
| 650 | 0 | 7 |
_aTürk şiiri _2etuturkob _984273 |
| 942 |
_cBK _2lcc |
||
| 999 |
_c200128898 _d32169 |
||